[Event "23rd Abu Dhabi Masters"]
[Site "Abu Dhabi UAE"]
[Date "2016.08.25"]
[Round "6.14"]
[White "Oleksiyenko, Mykhaylo"]
[Black "Mohammad, Nubairshah Shaikh"]
[Result "1-0"]
[WhiteTitle "GM"]
[WhiteElo "2610"]
[BlackElo "2415"]
[WhiteFideId "4152417"]
[BlackFideId "5053196"]
[EventDate "2016.08.21"]

1. e4 c5 2. Nf3 e6 3. d4 cxd4 4. Nxd4 a6 5. c4 Nf6 6. Nc3 Qc7 7. a3 b6 8. Be3
Bb7 9. f3 Be7 10. Rc1 d6 11. Be2 Nbd7 12. O-O O-O 13. Qd2 Rac8 14. Rfd1 Qb8 15.
b4 Rfe8 16. Bf1 h5 17. Nb3 h4 18. h3 Nh5 19. Bg5 Ng3 20. Bxe7 Rxe7 21. Qxd6 Qxd6
22. Rxd6 Nxf1 23. Kxf1 Rxc4 24. Na4 Rxc1+ 25. Nxc1 f5 26. exf5 exf5 27. Nd3 Kh7
28. Nf4 b5 29. Nc5 Nf6 30. Kf2 Bc8 31. Rc6 Re8 32. Rd6 Re7 33. Nd5 Nxd5 34. Rxd5
g6 35. f4 Kh6 36. Rd6 Bb7 37. Re6 Rc7 38. g3 hxg3+ 39. Kxg3 Bd5 40. Rd6 Bc4 41.
Nd7 Bf1 42. Ne5 Rc3+ 43. Kf2 Bxh3 44. Rxg6+ Kh7 45. Rxa6 Bg4 46. Ra5 Kg7 47.
Rxb5 Rxa3 48. Rd5 Ra2+ 49. Ke3 Kf6 50. Rd2 Ra1 51. Rb2 Re1+ 52. Kf2 Re4 53. Kg3
Re3+ 54. Kg2 Re2+ 55. Rxe2 Bxe2 56. Kf2 Ba6 57. Ke3 Ke6 58. Kd4 Kd6 59. Nc4+ Kc6
60. Ne3 Bc8 61. Nd5 Kb5 62. Kc3 Bb7 63. Ne3 Be4 64. Nc4 Kc6 65. Kd4 Bg2 66. Ne3
Be4 67. Nd1 Kd6 68. b5 Bf3 69. Ne3 Be4 70. Nc4+ Ke6 71. Kc5 Kd7 72. Kb6 Ke6 73.
Ne3 Kd6 74. Ka7 Ke6 75. b6 1-0

[Event "23rd Abu Dhabi Masters"]
[Site "Abu Dhabi UAE"]
[Date "2016.08.25"]
[Round "6.15"]
[White "Ly, Moulthun"]
[Black "Prohaszka, Peter2"]
[Result "1/2-1/2"]
[WhiteTitle "IM"]
[BlackTitle "GM"]
[WhiteElo "2501"]
[BlackElo "2604"]
[WhiteFideId "3204405"]
[BlackFideId "726265"]
[EventDate "2016.08.21"]

1. d4 d5 2. c4 c6 3. cxd5 cxd5 4. Bf4 Nf6 5. e3 Nc6 6. Nc3 Bf5 7. Qb3 Na5 8.
Qa4+ Bd7 9. Qc2 e6 10. Nf3 Be7 11. Bd3 Nc6 12. Qe2 Rc8 13. Rc1 O-O 14. O-O Nh5
15. Be5 f5 16. Bb5 Nf6 17. Bg3 Ne4 18. Nxe4 dxe4 19. Ne5 Nxe5 20. Bxe5 Bxb5 21.
Qxb5 Qd5 22. Qxd5 exd5 23. Bc7 Kf7 24. Rc2 Ke6 25. Rfc1 g6 26. f4 Kd7 27. Kf2
Rf6 28. Be5 Rfc6 29. Rxc6 Rxc6 30. Rxc6 Kxc6 31. Ke2 Kb5 32. Kd2 a5 33. Kc2 a4
34. Bg7 g5 35. Bh6 gxf4 36. Bxf4 Bh4 37. Bh6 Kc4 38. h3 Bg3 39. Kd2 Bd6 40. g4
fxg4 41. hxg4 Kb5 42. Bg5 Kc6 43. Bh4 Kd7 44. Ke2 Kc6 45. Kd2 Bb4+ 46. Kd1 Kb5
47. Kc2 Kc4 48. Bg5 Be1 49. Bf4 Ba5 50. Bg3 Kb5 51. Kd1 Kc6 52. Ke2 Kd7 53. Bf4
Ke6 54. Kd1 Kf7 55. Bg5 Bb4 56. Ke2 Kg6 57. Bh4 Ba5 58. Be7 Bc7 59. Kf2 h5 60.
gxh5+ 1/2-1/2

[Event "23rd Abu Dhabi Masters"]
[Site "Abu Dhabi UAE"]
[Date "2016.08.25"]
[Round "6.16"]
[White "Swayams, Mishra"]
[Black "Savchenko, Boris"]
[Result "1/2-1/2"]
[WhiteTitle "IM"]
[BlackTitle "GM"]
[WhiteElo "2468"]
[BlackElo "2602"]
[WhiteFideId "5028183"]
[BlackFideId "4147332"]
[EventDate "2016.08.21"]

1. d4 Nf6 2. c4 g6 3. Nc3 d5 4. Bf4 Bg7 5. e3 c5 6. dxc5 Qa5 7. Rc1 dxc4 8. Bxc4
O-O 9. Nf3 Qxc5 10. Bb3 Qa5 11. O-O Nc6 12. h3 Bf5 13. Qe2 Ne4 14. Nd5 e5 15.
Rxc6 bxc6 16. Ne7+ Kh8 17. Nxc6 Qb6 18. Ncxe5 Be6 19. Bxe6 Qxe6 20. b3 Qd5 21.
Qa6 g5 22. Bh2 Rfe8 23. Qc4 Qxc4 24. Nxc4 Rad8 25. Nfe5 Kg8 26. Nc6 Rd7 27. g4
Re6 28. N6e5 Rd5 29. Nf3 Ra6 30. a4 Rd3 31. Rb1 Rc3 32. a5 Rc2 33. Rd1 h6 34.
Rf1 Rf6 35. Kg2 Re6 36. Bb8 a6 37. Ba7 Ra2 38. Bb6 Re7 39. Nd4 Re8 40. Nf5 Bf8
41. Bd4 Kh7 42. Ng3 Nxg3 43. Kxg3 Bg7 44. Bb6 Ra1 45. Rxa1 Bxa1 46. Kf3 Re7 47.
Nd6 Bc3 48. Ne4 Be1 49. Nc5 Kg6 50. Ke2 Bb4 51. Nd3 Bd6 52. b4 f5 53. gxf5+ Kxf5
54. f3 Ke6 55. e4 Rf7 56. Ke3 Kd7 57. e5 Be7 58. Ke4 Rf8 59. Be3 Rc8 60. Bc5 Rf8
61. Be3 Rb8 62. Bc5 Rf8 1/2-1/2

[Event "23rd Abu Dhabi Masters"]
[Site "Abu Dhabi UAE"]
[Date "2016.08.25"]
[Round "6.17"]
[White "Tania, Sachdev"]
[Black "Bortnyk, Olexandr"]
[Result "0-1"]
[WhiteTitle "IM"]
[BlackTitle "GM"]
[WhiteElo "2396"]
[BlackElo "2588"]
[WhiteFideId "5007844"]
[BlackFideId "14120828"]
[EventDate "2016.08.21"]

1. d4 g6 2. c4 Bg7 3. Nf3 d6 4. Nc3 Nd7 5. g3 Ngf6 6. Bg2 O-O 7. O-O e5 8. e3 c6
9. Qc2 Re8 10. b4 exd4 11. exd4 Nb6 12. c5 Bf5 13. Qb3 Be6 14. Qd1 Nbd5 15. Nxd5
Nxd5 16. Bg5 Qd7 17. Qd2 f6 18. Bf4 Nxf4 19. Qxf4 g5 20. Qxd6 Qf7 21. g4 Bxg4
22. a4 Be6 23. h3 h5 24. b5 Rad8 25. Qg3 g4 26. hxg4 hxg4 27. Ne1 f5 28. Nd3
Rxd4 29. Ne5 Qc7 0-1

[Event "23rd Abu Dhabi Masters"]
[Site "Abu Dhabi UAE"]
[Date "2016.08.25"]
[Round "6.18"]
[White "Efimenko, Zahar"]
[Black "Laxman, R.R."]
[Result "1-0"]
[WhiteTitle "GM"]
[BlackTitle "GM"]
[WhiteElo "2661"]
[BlackElo "2374"]
[WhiteFideId "14107201"]
[BlackFideId "5005361"]
[EventDate "2016.08.21"]

1. Nf3 Nf6 2. g3 d5 3. Bg2 c5 4. O-O g6 5. b3 Bg7 6. Bb2 O-O 7. c4 d4 8. b4 cxb4
9. Bxd4 Nc6 10. Bb2 Be6 11. d3 Qd7 12. Nbd2 Nh5 13. Bxg7 Nxg7 14. Re1 f6 15. a3
bxa3 16. Rxa3 Bf7 17. Qa4 Ne6 18. Nb3 Qd6 19. Raa1 Rfd8 20. Reb1 Be8 21. Qa3 Qc7
22. d4 Ng7 23. d5 Nb8 24. e4 b6 25. c5 bxc5 26. Nxc5 Nd7 27. Na6 Qd6 28. Qxd6
exd6 29. Nd4 Nc5 30. Nc6 Bxc6 31. dxc6 Nxa6 32. Rxa6 Ne6 33. Bh3 Ng5 34. Bd7
Nxe4 35. c7 Rf8 36. Rc6 1-0

[Event "23rd Abu Dhabi Masters"]
[Site "Abu Dhabi UAE"]
[Date "2016.08.25"]
[Round "6.19"]
[White "Melkumyan, Hrant"]
[Black "Thejkumar, M. S."]
[Result "1/2-1/2"]
[WhiteTitle "GM"]
[BlackTitle "IM"]
[WhiteElo "2650"]
[BlackElo "2445"]
[WhiteFideId "13302485"]
[BlackFideId "5009154"]
[EventDate "2016.08.21"]

1. c4 e6 2. g3 d5 3. Bg2 Nf6 4. Nf3 Be7 5. O-O O-O 6. b3 c5 7. cxd5 Nxd5 8. Bb2
Nc6 9. d4 cxd4 10. Nxd4 Nxd4 11. Qxd4 Bf6 12. Qd2 Bd7 13. Bxd5 exd5 14. Rd1 Rc8
15. Bxf6 Qxf6 16. Na3 Rfe8 17. Nc2 Re5 18. Nd4 Rce8 19. Rac1 h5 20. Qf4 Qb6 21.
Rc2 Bg4 22. f3 Bh3 23. Kf2 Bf5 24. Rb2 Bd7 25. h4 Bb5 26. Kf1 Bd7 27. Kg2 f6 28.
Qc1 g5 29. b4 gxh4 30. gxh4 Kf7 31. Qc5 Qd8 32. Kf2 Qb8 33. Rg1 Rc8 34. Qa5 b6
35. Qa3 Ree8 36. Qd3 Qh2+ 37. Rg2 Qxh4+ 38. Rg3 Qh2+ 39. Rg2 Qh4+ 40. Rg3 Qh2+
41. Rg2 Qh4+ 42. Rg3 Qh2+ 1/2-1/2

[Event "23rd Abu Dhabi Masters"]
[Site "Abu Dhabi UAE"]
[Date "2016.08.25"]
[Round "6.20"]
[White "Banusz, Tamas"]
[Black "Vignesh, N R"]
[Result "1-0"]
[WhiteTitle "GM"]
[BlackTitle "IM"]
[WhiteElo "2616"]
[BlackElo "2423"]
[WhiteFideId "722413"]
[BlackFideId "25012215"]
[EventDate "2016.08.21"]

1. c4 e5 2. Nc3 Nf6 3. Nf3 Nc6 4. e4 Bb4 5. d3 d6 6. a3 Bxc3+ 7. bxc3 Bg4 8. Be2
Nd7 9. h3 Bxf3 10. Bxf3 a5 11. a4 O-O 12. O-O Re8 13. g3 Rb8 14. Bg2 Nc5 15. Qc2
Qd7 16. Be3 f5 17. exf5 Qxf5 18. Bxc5 dxc5 19. Rae1 Qd7 20. Re3 Re7 21. Qe2 Rbe8
22. Re1 b6 23. Bd5+ Kh8 24. Qh5 g6 25. Qh6 Qd6 26. f4 Qf6 27. Bxc6 Qxc6 28. fxe5
Qxa4 29. Rf1 Rg8 30. e6 Qe8 31. Ref3 Reg7 32. Qe3 h5 33. Rf7 Kh7 34. Qe5 a4 35.
R1f6 a3 36. Qg5 Rxf7 37. exf7 Qe1+ 38. Rf1 Qxf1+ 39. Kxf1 Rf8 40. Qc1 a2 41. Qa1
Rxf7+ 42. Kg2 Rd7 43. Qxa2 Rxd3 44. Qe2 1-0

[Event "23rd Abu Dhabi Masters"]
[Site "Abu Dhabi UAE"]
[Date "2016.08.25"]
[Round "6.21"]
[White "Adly, Ahmed"]
[Black "Karavade, Eesha"]
[Result "1-0"]
[WhiteTitle "GM"]
[BlackTitle "IM"]
[WhiteElo "2603"]
[BlackElo "2415"]
[WhiteFideId "10601619"]
[BlackFideId "5012600"]
[EventDate "2016.08.21"]

1. d4 Nf6 2. Nf3 g6 3. c4 Bg7 4. g3 c6 5. Bg2 d5 6. cxd5 cxd5 7. Nc3 Ne4 8. O-O
O-O 9. Ng5 Nf6 10. Nf3 Ne4 11. Nd2 Nxc3 12. bxc3 Nc6 13. e4 Be6 14. Rb1 Na5 15.
Qa4 b6 16. Ba3 Bd7 17. Qb4 Nc6 18. Qb2 dxe4 19. Bxe4 Rc8 20. Rfe1 Re8 21. Nb3
Be6 22. Qe2 Bd5 23. Bd3 Bxb3 24. axb3 e5 25. Bb5 a6 26. Bxc6 Rxc6 27. c4 Qxd4
28. Red1 Qc3 29. Qe4 Rcc8 30. Rd7 Rcd8 31. Qd5 Rxd7 32. Qxd7 Rb8 33. Qc7 Re8 34.
Qc6 Rb8 35. Qd6 Re8 36. Qxb6 Qd3 37. Re1 h5 38. Re3 Qb1+ 39. Kg2 e4 40. Qc6 Re6
41. Qc8+ Kh7 42. Qd7 Qc2 43. Bb4 Rf6 44. Qd2 Qxd2 45. Bxd2 Bh6 46. Bc3 Rb6 47.
Rxe4 Rxb3 48. Bd4 Bg7 49. Be3 Bh6 50. Bc5 Rc3 51. Bd6 Bg7 52. c5 Rc2 53. Ra4 Kg8
54. h4 a5 55. Kf3 Bf6 56. Rxa5 Bd4 57. Ke4 Bxf2 58. Kd5 Rd2+ 59. Kc4 Kg7 60.
Be5+ f6 61. Ra7+ Kf8 62. Ra8+ Ke7 63. Bc3 Rd1 64. Ra7+ Kd8 65. Bxf6+ Kc8 66. Rg7
Rc1+ 67. Kd3 Bxg3 68. Rxg6 Bxh4 69. Bxh4 Rxc5 70. Rg7 Rc7 71. Rg5 Kd7 72. Kd4
Ke6 73. Rxh5 Rg7 74. Re5+ Kd6 75. Bg5 Rb7 76. Bd2 Kc6 77. Kc4 Kd7 78. Bb4 Kc6
79. Re6+ Kd7 80. Rh6 Kc8 81. Bc5 Kd7 82. Kd5 Kc8 83. Re6 Kd7 84. Bb6 Kc8 85. Rh6
Kd7 86. Bc5 Kc8 87. Rh8+ Kd7 88. Ra8 Kc7 89. Bd6+ Kd7 90. Ra5 Kc8 91. Ke6 Rb6
92. Ra7 Rb5 93. Rc7+ Kd8 94. Rc6 Rb7 95. Ra6 1-0

[Event "23rd Abu Dhabi Masters"]
[Site "Abu Dhabi UAE"]
[Date "2016.08.25"]
[Round "6.22"]
[White "Illingworth, Max"]
[Black "Vaibhav, Suri"]
[Result "1/2-1/2"]
[WhiteTitle "GM"]
[BlackTitle "GM"]
[WhiteElo "2458"]
[BlackElo "2556"]
[WhiteFideId "3205207"]
[BlackFideId "5045185"]
[EventDate "2016.08.21"]

1. e4 e5 2. Nf3 Nc6 3. d4 exd4 4. Nxd4 Bb4+ 5. c3 Bc5 6. Nxc6 bxc6 7. Bd3 Qh4 8.
Qe2 Nf6 9. Be3 Bb6 10. Nd2 O-O 11. O-O Re8 12. h3 d5 13. e5 Nd7 14. f4 f6 15.
Rae1 Nc5 16. Nf3 Qh5 17. b4 Nxd3 18. Qxd3 Bf5 19. Qd2 Be4 20. c4 Bxe3+ 21. Qxe3
Bxf3 22. Rxf3 fxe5 23. fxe5 dxc4 24. Qe4 Qg6 25. Qxc4+ Qe6 26. Qc5 a5 27. bxa5
Qd5 28. Qxd5+ cxd5 29. Ra3 Re6 30. Rc1 Ra7 31. Rac3 Rxa5 32. Rxc7 h5 33. R1c6
Rxc6 34. Rxc6 Rxa2 35. Rd6 Rd2 36. e6 Kf8 37. Rd7 Re2 38. Rxd5 g6 39. Rd8+ Ke7
40. Rg8 1/2-1/2

[Event "23rd Abu Dhabi Masters"]
[Site "Abu Dhabi UAE"]
[Date "2016.08.25"]
[Round "6.23"]
[White "Mekhitarian, Krikor Sevag"]
[Black "Eggleston, David J"]
[Result "1-0"]
[WhiteTitle "GM"]
[BlackTitle "IM"]
[WhiteElo "2550"]
[BlackElo "2384"]
[WhiteFideId "2107660"]
[BlackFideId "412120"]
[EventDate "2016.08.21"]

1. d4 Nf6 2. c4 e6 3. Nf3 b6 4. a3 Bb7 5. Nc3 d5 6. cxd5 exd5 7. Qc2 Be7 8. Bf4
a6 9. e3 O-O 10. Bd3 Nbd7 11. O-O Re8 12. Rad1 Nf8 13. Rfe1 Ng6 14. Be5 Bd6 15.
e4 dxe4 16. Nxe4 Nd5 17. Nxd6 cxd6 18. Bg3 Rxe1+ 19. Rxe1 Qf6 20. Be4 Re8 21.
Bxd5 Rxe1+ 22. Nxe1 Bxd5 23. Qc8+ Nf8 24. Qb8 Qe7 25. Nf3 Qb7 26. Qd8 Qd7 27.
Qxb6 Qf5 28. h4 h6 29. Qd8 Qb1+ 30. Kh2 Qf1 31. Qxd6 Bxf3 32. gxf3 Ne6 33. Qb8+
Kh7 34. Qe5 Qd1 35. Qe4+ Kg8 36. d5 Nd4 37. Kg2 Nc2 38. d6 Ne1+ 39. Kh3 Nxf3 40.
Qe8+ Kh7 41. Qxf7 Qf1+ 42. Kg4 Ng1 43. d7 Qd1+ 44. f3 Qd4+ 45. Bf4 Qd1 46. Be5
h5+ 47. Qxh5+ Kg8 48. Qe8+ Kh7 49. Qf7 Qa4+ 50. b4 1-0

[Event "23rd Abu Dhabi Masters"]
[Site "Abu Dhabi UAE"]
[Date "2016.08.25"]
[Round "6.24"]
[White "Pascua, Haridas"]
[Black "Lei, Tingjie"]
[Result "1/2-1/2"]
[WhiteTitle "IM"]
[BlackTitle "WGM"]
[WhiteElo "2404"]
[BlackElo "2480"]
[WhiteFideId "5203953"]
[BlackFideId "8605114"]
[EventDate "2016.08.21"]

1. Nf3 d5 2. g3 g6 3. Bg2 Bg7 4. O-O Nf6 5. c4 c6 6. d4 O-O 7. b3 a5 8. Nc3 Ne4
9. Bb2 Bf5 10. Nh4 Nxc3 11. Bxc3 Be6 12. Qd3 Nd7 13. Nf3 dxc4 14. bxc4 Nc5 15.
Qc2 Bf5 16. Qc1 Na4 17. Rd1 Nxc3 18. Qxc3 c5 19. e3 Qc7 20. Rac1 cxd4 21. Nxd4
Bg4 22. Rd3 Rab8 23. Qa3 Rfc8 24. Nb5 Qe5 25. Nd4 Bf8 26. c5 Bd7 27. Qxa5 b6 28.
Qa7 Rxc5 29. Rxc5 bxc5 30. Qxd7 cxd4 31. Qxd4 Rb1+ 32. Bf1 Qa5 33. Rd1 Qxa2 34.
Rxb1 Qxb1 35. Kg2 Qb7+ 36. Kg1 Qc7 37. Qc4 1/2-1/2

[Event "23rd Abu Dhabi Masters"]
[Site "Abu Dhabi UAE"]
[Date "2016.08.25"]
[Round "6.25"]
[White "Narayanan, Srinath"]
[Black "Thavandiran, Shiyam"]
[Result "1-0"]
[WhiteTitle "IM"]
[BlackTitle "FM"]
[WhiteElo "2477"]
[BlackElo "2344"]
[WhiteFideId "5018420"]
[BlackFideId "2605058"]
[EventDate "2016.08.21"]

1. e4 e6 2. d4 d5 3. Nd2 c5 4. exd5 exd5 5. Ngf3 Nc6 6. Bb5 cxd4 7. O-O Bd6 8.
Nb3 Ne7 9. Bg5 f6 10. Bh4 a6 11. Bd3 Be5 12. Nxe5 fxe5 13. Qh5+ Kf8 14. Rae1 Qe8
15. Bxe7+ Kxe7 16. Rxe5+ Nxe5 17. Qxe5+ Kf8 18. Qxd4 h5 19. Qxd5 Rh6 20. Nc5 Qf7
21. Qd4 Qf6 22. Qd5 Qf7 23. Qd8+ Qe8 24. Qd4 Kg8 25. Be4 Kh8 26. Rd1 Rb8 27. f3
b6 28. Qe5 Bf5 29. Qxf5 bxc5 30. Rd6 Rb6 31. Rxb6 1-0

[Event "23rd Abu Dhabi Masters"]
[Site "Abu Dhabi UAE"]
[Date "2016.08.25"]
[Round "6.26"]
[White "Krishna, C R G"]
[Black "Puranik, Abhimanyu"]
[Result "1/2-1/2"]
[WhiteTitle "IM"]
[BlackTitle "IM"]
[WhiteElo "2401"]
[BlackElo "2469"]
[WhiteFideId "5018625"]
[BlackFideId "5061245"]
[EventDate "2016.08.21"]

1. d4 Nf6 2. Nf3 g6 3. c4 Bg7 4. e3 O-O 5. Be2 d5 6. cxd5 Nxd5 7. O-O Nc6 8. e4
Nb6 9. d5 Ne5 10. Nxe5 Bxe5 11. a4 a5 12. Qb3 e6 13. Bf3 exd5 14. exd5 Qh4 15.
g3 Qb4 16. Qxb4 axb4 17. Re1 f6 18. Bd2 Bd6 19. b3 Rd8 20. Ra2 Bf5 21. Be3 Ra5
22. Bxb6 cxb6 23. Rae2 Rc5 24. Nd2 Rc3 25. Kg2 Kf7 26. Be4 Bc5 27. f3 Rd7 1/2-1/2

[Event "23rd Abu Dhabi Masters"]
[Site "Abu Dhabi UAE"]
[Date "2016.08.25"]
[Round "6.27"]
[White "Girish, A. Koushik"]
[Black "Igonin, Temur"]
[Result "1/2-1/2"]
[WhiteTitle "IM"]
[BlackTitle "IM"]
[WhiteElo "2399"]
[BlackElo "2466"]
[WhiteFideId "5038448"]
[BlackFideId "14203049"]
[EventDate "2016.08.21"]

1. Nf3 d5 2. g3 Bg4 3. Bg2 c6 4. O-O Nd7 5. d3 Ngf6 6. Nbd2 e5 7. e4 dxe4 8.
dxe4 Be7 9. h3 Bh5 10. Qe1 O-O 11. Nh4 Re8 12. Nf5 Bf8 13. Nb3 Nb6 14. g4 Bg6
15. Bg5 Nc4 16. a4 a5 17. Qe2 b5 18. c3 Qb6 19. Nd2 Nxd2 20. Qxd2 Red8 21. Qe2
Rdb8 22. Bxf6 gxf6 23. axb5 cxb5 24. Ne3 Qe6 25. Nd5 Bd6 26. Rfd1 Rb7 27. Rd3 h6
28. Rad1 Be7 29. Qd2 Bf8 30. Ne3 Qc6 31. Nf5 Bxf5 32. exf5 e4 33. Qf4 Re8 34.
Rd4 Rbe7 35. Re1 Re5 36. Rdxe4 Rxe4 37. Rxe4 Rxe4 38. Bxe4 Qd6 39. Qe3 b4 40.
Kg2 bxc3 41. Qxc3 Qe5 42. Qc4 Qxb2 43. Bd5 Qb4 44. Bxf7+ Kg7 45. Qd5 Qd6 46. Qa2
Qa3 47. Qe6 Qe7 48. Be8 Qxe6 49. fxe6 f5 50. f4 Kf6 51. Bd7 fxg4 52. hxg4 a4 53.
Bxa4 Kxe6 1/2-1/2

[Event "23rd Abu Dhabi Masters"]
[Site "Abu Dhabi UAE"]
[Date "2016.08.25"]
[Round "6.28"]
[White "Georgescu, Tiberiu-Marian"]
[Black "Sankalp, Gupta"]
[Result "1-0"]
[WhiteTitle "GM"]
[WhiteElo "2463"]
[BlackElo "1990"]
[WhiteFideId "1213300"]
[BlackFideId "5097010"]
[EventDate "2016.08.21"]

1. Nf3 Nf6 2. g3 g6 3. b3 Bg7 4. Bb2 O-O 5. Bg2 d5 6. c4 c6 7. O-O Re8 8. d4 Bf5
9. Nbd2 Qd7 10. Re1 Ne4 11. Rc1 Nxd2 12. Qxd2 Be4 13. Qf4 e6 14. Ne5 Bxe5 15.
dxe5 Bxg2 16. Kxg2 Na6 17. Rcd1 Qe7 18. cxd5 cxd5 19. e4 Nc7 20. exd5 Nxd5 21.
Rxd5 g5 22. Qd4 exd5 23. e6 f6 24. Qxd5 Rac8 25. Qf5 Rf8 26. Rd1 Rcd8 27. Rc1
Rde8 28. Re1 b6 29. Kg1 Qc5 30. Qf3 Kg7 31. Re4 h6 32. h4 b5 33. Bc3 Qd5 34. Qe3
Rf7 35. hxg5 hxg5 36. Bb4 Rc7 37. e7 Qd1+ 38. Kg2 Rc1 39. Be1 Qd5 40. Kf1 Rc7
41. Kg1 Kf7 42. Bb4 a5 43. Bxa5 Rcxe7 44. Rxe7+ Rxe7 45. Qc1 Kg6 46. Qc2+ Qf5
47. Qd1 Rh7 48. Qe2 Qd5 49. Qe8+ Kf5 50. Qc8+ Kg6 51. Qe8+ Rf7 52. Qg8+ Kf5 53.
Qc8+ Rd7 54. Bc3 Qe6 55. Kg2 Rd1 56. g4+ 1-0

[Event "23rd Abu Dhabi Masters"]
[Site "Abu Dhabi UAE"]
[Date "2016.08.25"]
[Round "6.29"]
[White "Das, Sayantan"]
[Black "Iturrizaga Bonelli, Eduardo"]
[Result "0-1"]
[WhiteTitle "IM"]
[BlackTitle "GM"]
[WhiteElo "2399"]
[BlackElo "2626"]
[WhiteFideId "5034426"]
[BlackFideId "3901211"]
[EventDate "2016.08.21"]

1. e4 c5 2. Nf3 Nc6 3. d4 cxd4 4. Nxd4 e6 5. Nc3 Qc7 6. Be3 a6 7. Qf3 d6 8.
O-O-O Bd7 9. Qg3 Nf6 10. h4 Rc8 11. Nxc6 Bxc6 12. Bd3 b5 13. f3 Nd7 14. Kb1 Nc5
15. Ne2 h5 16. Qf2 Be7 17. Ng3 Bf6 18. Bg5 Be5 19. f4 Bxb2 20. Kxb2 f6 21. e5
Nxd3+ 22. Rxd3 dxe5 23. fxe5 fxg5 24. Rf1 Bd5 25. Kb1 gxh4 26. Nxh5 Qe7 27. Rxd5
exd5 28. Qf5 Kd8 29. Nf4 Re8 30. Rd1 Qb4+ 31. Kc1 Qa3+ 32. Kb1 Kc7 33. Nxd5+ Kb8
34. Qf4 Rc4 35. Qf5 Ra4 36. Rd3 Qxa2+ 37. Kc1 Qa1+ 38. Kd2 Qxe5 39. Qf2 Qg5+ 40.
Kc3 Qe5+ 41. Kd2 Rc8 42. Qb6+ Ka8 43. Ne3 Qf6 44. Rd6 Qc3+ 45. Ke2 Qc7 0-1

[Event "23rd Abu Dhabi Masters"]
[Site "Abu Dhabi UAE"]
[Date "2016.08.25"]
[Round "6.30"]
[White "Troff, Kayden W"]
[Black "Kunal, M."]
[Result "0-1"]
[WhiteTitle "GM"]
[WhiteElo "2522"]
[BlackElo "2302"]
[WhiteFideId "2047896"]
[BlackFideId "5018250"]
[EventDate "2016.08.21"]

1. d4 Nf6 2. c4 e6 3. Nf3 d5 4. Nc3 c5 5. Bg5 cxd4 6. Qxd4 Nc6 7. Qh4 Be7 8.
cxd5 exd5 9. Rd1 Qb6 10. Rd2 Be6 11. e3 h6 12. Bxf6 Bxf6 13. Qa4 d4 14. Nxd4
O-O-O 15. Nce2 Nxd4 16. Nxd4 Bxd4 17. exd4 Bd5 18. f3 Rhe8+ 19. Be2 Bc6 20. Qc4
Kb8 21. O-O Bd5 22. Qa4 Bxa2 23. Bb5 Re5 24. Qxa2 Rxb5 25. Qxf7 Rxd4 26. Rxd4
Qxd4+ 27. Kh1 a6 28. b3 Ka7 29. h3 h5 30. Rc1 Qe3 31. Rb1 Qc3 32. Qf4 g5 33. Qf7
h4 34. Qg6 a5 35. Qe6 a4 36. Qe8 Rb4 37. Qd8 Rxb3 38. Rd1 Qc5 39. Qd2 Rc3 40. f4
gxf4 41. Qxf4 Rc4 42. Qd2 a3 43. Ra1 Rc3 44. Qf4 b5 45. Re1 Ka6 46. Qf6+ Ka5 47.
Qd8+ Ka4 48. Qd1+ Ka5 49. Qd8+ Ka4 50. Qd1+ Kb4 51. Re4+ Rc4 52. Qd2+ Ka4 53.
Qd1+ Ka5 54. Qd8+ Qc7 55. Qd2+ Ka6 56. Re1 Qc6 57. Qd3 Rc3 58. Qf5 Rc1 59. Rxc1
Qxc1+ 60. Kh2 Qc7+ 61. Kh1 Ka5 62. Qf3 Qe7 63. Qd5 Qe1+ 64. Kh2 Qg3+ 65. Kh1
Qe1+ 66. Kh2 Qg3+ 67. Kh1 Qc7 68. Qe4 Qc1+ 69. Kh2 Qc7+ 70. Kh1 Qc4 71. Qe1+ b4
72. Qe5+ Ka4 73. Kh2 Qc3 74. Qe8+ Kb3 75. Qe6+ Kb2 76. Qe2+ Qc2 77. Qe5+ Ka2 78.
Qd5+ b3 79. Qd6 b2 80. Qd5+ Qb3 81. Qd2 Qg3+ 82. Kh1 Qe1+ 0-1

[Event "23rd Abu Dhabi Masters"]
[Site "Abu Dhabi UAE"]
[Date "2016.08.25"]
[Round "6.31"]
[White "Golubov, Saveliy"]
[Black "Iniyan, P"]
[Result "1-0"]
[WhiteTitle "IM"]
[WhiteElo "2481"]
[BlackElo "2368"]
[WhiteFideId "24176729"]
[BlackFideId "25002767"]
[EventDate "2016.08.21"]

1. d4 Nf6 2. c4 g6 3. Nc3 Bg7 4. e4 d6 5. Nf3 O-O 6. Be2 e5 7. Be3 Ng4 8. Bg5 f6
9. Bh4 Nc6 10. d5 Ne7 11. Nd2 f5 12. O-O Nf6 13. f3 f4 14. b4 h6 15. c5 g5 16.
Bf2 Ng6 17. Nc4 Ne8 18. Rc1 Rf7 19. cxd6 Nxd6 20. Nxd6 cxd6 21. Qb3 h5 22. Nb5
a6 23. Nc7 Rxc7 24. Bb6 Rxc1 25. Bxd8 Rxf1+ 26. Bxf1 Bd7 27. Bc7 Bf8 28. Qa3 Rc8
29. Qa5 b5 30. Qb6 g4 31. Bxd6 gxf3 32. Bxf8 Nxf8 33. gxf3 Rc1 34. Qf6 Bh3 35.
Qg5+ Ng6 36. Qxg6+ Kf8 37. Qf6+ Kg8 38. Qg5+ Kf8 39. Kf2 Bxf1 40. Qxe5 1-0

[Event "23rd Abu Dhabi Masters"]
[Site "Abu Dhabi UAE"]
[Date "2016.08.25"]
[Round "6.32"]
[White "Gusain, Himal"]
[Black "Muthaiah, AL"]
[Result "0-1"]
[WhiteElo "2453"]
[BlackElo "2289"]
[WhiteFideId "5033861"]
[BlackFideId "5092442"]
[EventDate "2016.08.21"]

1. e4 c5 2. Nf3 e6 3. b3 Nc6 4. Bb2 d5 5. Bb5 Nf6 6. exd5 exd5 7. Qe2+ Be7 8.
Bxf6 gxf6 9. O-O O-O 10. Re1 Be6 11. d4 Re8 12. Nbd2 Qb6 13. dxc5 Bxc5 14. c4 a6
15. Ba4 dxc4 16. bxc4 Bf5 17. Qxe8+ Rxe8 18. Rxe8+ Kg7 19. Ne4 Qb2 20. Rf1 Bxe4
21. Rxe4 Qxa2 22. Bxc6 bxc6 23. Nd4 a5 24. Nxc6 h5 25. Ree1 a4 26. Ne7 a3 27.
Nf5+ Kg6 28. Ne3 Qb3 29. Rb1 Qa4 30. Rfd1 a2 31. Ra1 Qb3 32. Rd2 Qb1+ 33. Rd1
Qb2 34. h3 Ba3 35. Nd5 Kf5 36. Re1 Qb3 37. Re3 Qc2 38. Ree1 Kg5 39. h4+ Kh6 40.
Nxf6 Bc5 41. Ne4 Bd4 42. Rad1 a1=Q 43. Rxa1 Bxa1 44. Rxa1 Qxe4 45. Ra6+ Kg7 46.
g3 Qxc4 47. Ra5 Qc1+ 48. Kg2 Qc6+ 49. Kg1 Qf3 50. Rb5 Kf6 51. Rb4 Kf5 52. Rd4
Ke5 53. Rb4 Ke6 54. Rb6+ Kf5 55. Rb4 Ke5 56. Kf1 Kd5 57. Kg1 Kc5 58. Rf4 Qxf4
59. gxf4 Kd4 60. Kg2 Ke4 61. Kg3 f5 62. f3+ Ke3 63. Kg2 Ke2 64. Kg3 Kf1 0-1

[Event "23rd Abu Dhabi Masters"]
[Site "Abu Dhabi UAE"]
[Date "2016.08.25"]
[Round "6.33"]
[White "Kjartansson, Gudmundur"]
[Black "Dimarucut, Francis Erwin"]
[Result "1-0"]
[WhiteTitle "IM"]
[WhiteElo "2442"]
[BlackElo "2172"]
[WhiteFideId "2301318"]
[BlackFideId "5209277"]
[EventDate "2016.08.21"]

1. e4 d6 2. d4 Nf6 3. Nc3 e5 4. dxe5 dxe5 5. Qxd8+ Kxd8 6. Bc4 Ke8 7. f4 Bb4 8.
Bd3 Nc6 9. Nf3 Bg4 10. fxe5 Nd7 11. Bf4 Bxf3 12. gxf3 Ncxe5 13. Be2 c6 14. O-O-O
Bxc3 15. bxc3 Ke7 16. Rhg1 g6 17. Be3 f6 18. f4 Nf7 19. Bg4 Rhd8 20. h4 b6 21.
h5 Nf8 22. Rde1 c5 23. Be2 Nd6 24. Ba6 Kd7 25. e5 Nf5 26. exf6 Kc6 27. a4 Rd6
28. f7 Rf6 29. Bxc5 Kxc5 30. Re8 Rxf7 31. Rxa8 gxh5 32. Rd1 Ne6 33. Rc8+ Nc7 34.
Bb7 b5 35. a5 Ne3 36. Rd3 Nf1 37. Bg2 Nh2 38. Rd5+ Kc4 39. Rxh5 Kxc3 40. Rxh2
Kb4 41. Be4 Rxf4 42. Rxc7 1-0